| Tag |
First Indicator |
Second Indicator |
Subfields |
| LEADER |
00000cam a22000007i 4500 |
| 001 |
in00005659621 |
| 006 |
m o d |
| 007 |
cr cnu---unuuu |
| 008 |
250219t20252025enka ob 000 0 eng d |
| 005 |
20250813013733.3 |
| 035 |
|
|
|a (OCoLC)on1500286341
|
| 040 |
|
|
|a UKKRT
|b eng
|e rda
|c UKKRT
|d EBLCP
|d OCLCQ
|d UKAHL
|d YDX
|
| 020 |
|
|
|a 9781036417413 (electronic bk.)
|
| 020 |
|
|
|a 1036417417
|q electronic book
|
| 020 |
|
|
|z 9781036417406
|q hardcover
|
| 035 |
|
|
|a (OCoLC)1500286341
|
| 050 |
|
4 |
|a QK494.5.C975
|b M33 2025
|
| 082 |
0 |
4 |
|a 585/.4
|2 23/eng/20250404
|
| 100 |
1 |
|
|a M'barek, Kmar,
|e author.
|
| 245 |
1 |
0 |
|a Morphological, chemical, and biological characterization of species from the Cupressaceae family /
|c by Kmar M'barek.
|
| 264 |
|
1 |
|a Newcastle upon Tyne :
|b Cambridge Scholars Publishing,
|c 2025.
|
| 264 |
|
4 |
|c ©2025
|
| 300 |
|
|
|a 1 online resource :
|b illustrations
|
| 336 |
|
|
|a text
|b txt
|2 rdacontent
|
| 337 |
|
|
|a computer
|b c
|2 rdamedia
|
| 338 |
|
|
|a online resource
|b cr
|2 rdacarrier
|
| 504 |
|
|
|a Includes bibliographical references.
|
| 520 |
|
|
|a The present book delves into the unique properties of three plant species: Tetraclinis articulata (Barbary Thuja), Juniperus phoenicea (Phoenician Juniper), and Cupressus sempervirens (Mediterranean Cypress). It provides an in-depth analysis of the morphological, chemical, and biological characteristics of these plants, with a focus on their allelopathic potential and their effects on the germination and growth of target species such as lettuce, radish, barley.
|
| 588 |
|
|
|a Description based on online resource; title from digital title page (viewed on April 04, 2025).
|
| 650 |
|
0 |
|a Cupressaceae.
|
| 655 |
|
4 |
|a Electronic books.
|
| 852 |
8 |
|
|b POD
|z This title is available for the library to purchase for your use. Click the "Purchase It For Me" button to place a request. This item will take 5-10 business days to arrive.
|
| 955 |
|
|
|a Ebook POD title
|
| 961 |
|
|
|m 565731
|
| 999 |
f |
f |
|s 719e2c1e-2de9-49e6-bf15-4c74746216a5
|i 8da907d2-429d-449d-afc4-fa63e6144617
|t 0
|
| 952 |
f |
f |
|a Texas A&M University
|b College Station
|c Sterling C. Evans Library
|d Purchase on Demand
|t 0
|e QK494.5.C975 M33 2025
|h Library of Congress classification
|
| 998 |
f |
f |
|a QK494.5.C975 M33 2025
|t 0
|l Purchase on Demand
|